[Event "Novosibirsk Region op"]
[Site "Novosibirsk"]
[Date "2007.12.08"]
[Round "4"]
[White "Schekoldin, Vladislav"]
[Black "Romanov, Viktor"]
[Result "1-0"]
[WhiteElo "2138"]
[BlackElo "2043"]
[PlyCount "53"]
[EventDate "2007.12.05"]
[EventType "swiss"]
[EventRounds "9"]
[EventCountry "RUS"]
[SourceTitle "CBM 122 Extra"]
[Source "ChessBase"]
[SourceDate "2008.03.04"]
[SourceVersion "1"]
[SourceVersionDate "2008.03.04"]
[SourceQuality "1"]

1. d4 e6 2. e4 b6 3. Nf3 Bb7 4. Bd3 d6 5. 0-0 Nf6 6. Qe2 Be7 7. Rd1 Nfd7 8. e5 d5 9. Bf4 c5 10. c4 cxd4 11. cxd5 Bxd5 12. Nxd4 0-0 13. Nc3 Bg5 14. Nxd5 exd5 15. Bxh7+ Kh8 16. Bxg5 Qxg5 17. Nf3 Qe7 18. Bc2 Nc6 19. Qd3 g6 20. Qxd5 Ndxe5 21. Nxe5 Nxe5 22. Re1 Rfe8 23. f4 Nf3+ 24. Qxf3 Qxe1+ 25. Rxe1 Rxe1+ 26. Kf2 Rae8 27. Qc3+ 1-0

[Event "Novosibirsk Region op"]
[Site "Novosibirsk"]
[Date "2007.12.06"]
[Round "2"]
[White "Schekoldin, Vladislav"]
[Black "Kovalev, Evgeny"]
[Result "0-1"]
[WhiteElo "2138"]
[BlackElo "2226"]
[PlyCount "74"]
[EventDate "2007.12.05"]
[EventType "swiss"]
[EventRounds "9"]
[EventCountry "RUS"]
[SourceTitle "CBM 122 Extra"]
[Source "ChessBase"]
[SourceDate "2008.03.04"]
[SourceVersion "1"]
[SourceVersionDate "2008.03.04"]
[SourceQuality "1"]

1. e4 c5 2. c3 Nf6 3. e5 Nd5 4. d4 cxd4 5. cxd4 d6 6. Nf3 Nc6 7. Bc4 Nb6 8. Bb3 d5 9. Nh4 e6 10. Nf3 Be7 11. Nc3 Bd7 12. 0-0 Na5 13. Bc2 Nbc4 14. Ne1 b5 15. Qg4 Kf8 16. f4 h5 17. Qh3 g6 18. g4 Qb6 19. Ne2 Kg8 20. b3 hxg4 21. Qxg4 Na3 22. Bxa3 Bxa3 23. Bxg6 Kf8 24. Kh1 Rg8 25. Nf3 fxg6 26. Qh4 Nc6 27. Qh7 Ne7 28. Ng5 Ke8 29. Qf7+ Kd8 30. Qf6 Kc7 31. Rac1+ Kb7 32. Rc5 Nf5 33. Qf7 Rg7 34. Qf6 Bxc5 35. dxc5 Qxc5 36. Nxe6 Bxe6 37. Qxe6 Qc6 0-1

[Event "Novosibirsk Region op"]
[Site "Novosibirsk"]
[Date "2007.12.05"]
[Round "1"]
[White "Korobkin, Maxim"]
[Black "Schekoldin, Vladislav"]
[Result "1-0"]
[WhiteElo "2349"]
[BlackElo "2138"]
[PlyCount "101"]
[EventDate "2007.12.05"]
[EventType "swiss"]
[EventRounds "9"]
[EventCountry "RUS"]
[SourceTitle "CBM 122 Extra"]
[Source "ChessBase"]
[SourceDate "2008.03.04"]
[SourceVersion "1"]
[SourceVersionDate "2008.03.04"]
[SourceQuality "1"]

1. c4 c6 2. Nf3 d5 3. b3 Bg4 4. Ne5 Bh5 5. Bb2 e6 6. g3 f6 7. Nf3 e5 8. Bg2 Bd6 9. 0-0 Ne7 10. Nc3 0-0 11. cxd5 cxd5 12. Nb5 Bb4 13. a3 Ba5 14. b4 Bb6 15. Nc3 Nbc6 16. Na4 e4 17. Ne1 Nd4 18. Bxd4 Bxd4 19. Rc1 f5 20. Nc2 Be5 21. Nc5 Rf6 22. Nxb7 Qb6 23. Nc5 Rd8 24. d4 Bb8 25. f4 Rh6 26. Qd2 Be8 27. Ne3 Qg6 28. Rf2 Qh5 29. Nf1 Bb5 30. a4 Bc4 31. Nb7 Re8 32. Na5 e3 33. Qxe3 Nc6 34. Qf3 Nxa5 35. bxa5 Bc7 36. Qxh5 Rxh5 37. Bxd5+ Bxd5 38. Rxc7 a6 39. Rc5 Bb3 40. g4 Rh4 41. gxf5 Bxa4 42. Ng3 Rg4 43. Kg2 Re4 44. h3 Rgxf4 45. Nxe4 Rxe4 46. d5 Re5 47. Kg3 Bd7 48. f6 gxf6 49. Rxf6 Rxe2 50. Rc7 Re3+ 51. Kf4 1-0

[Event "Chigorin Memorial-B 14th"]
[Site "St Petersburg"]
[Date "2006.10.30"]
[Round "9"]
[White "Romanov, Vasily"]
[Black "Schekoldin, Vladislav"]
[Result "1-0"]
[WhiteElo "1986"]
[BlackElo "2200"]
[PlyCount "61"]
[EventDate "2006.10.23"]
[EventType "swiss"]
[EventRounds "9"]
[EventCountry "RUS"]
[SourceTitle "EXT 2007"]
[Source "ChessBase"]
[SourceDate "2006.11.23"]
[SourceVersion "1"]
[SourceVersionDate "2006.11.23"]
[SourceQuality "1"]

1. e4 Nf6 2. e5 Nd5 3. d4 d6 4. Nf3 Bg4 5. Be2 c6 6. c4 Nb6 7. Nbd2 dxe5 8. Nxe5 Bf5 9. Nb3 N8d7 10. 0-0 e6 11. Be3 Nxe5 12. dxe5 Qc7 13. f4 Rd8 14. Qc1 Be7 15. a4 c5 16. a5 Nd7 17. Qc3 Nb8 18. Rad1 0-0 19. g4 Be4 20. Nd2 f5 21. Nxe4 fxe4 22. f5 Rxd1 23. Bxd1 Nc6 24. f6 gxf6 25. exf6 Bd6 26. Bh6 Bxh2+ 27. Kg2 Be5 28. Qe3 Rf7 29. Qg5+ Kh8 30. Ba4 Bh2 31. Qg7+ 1-0

[Event "Chigorin Memorial-B 14th"]
[Site "St Petersburg"]
[Date "2006.10.25"]
[Round "3"]
[White "Glazov, Anatoly"]
[Black "Schekoldin, Vladislav"]
[Result "0-1"]
[WhiteElo "2028"]
[BlackElo "2200"]
[PlyCount "86"]
[EventDate "2006.10.23"]
[EventType "swiss"]
[EventRounds "9"]
[EventCountry "RUS"]
[SourceTitle "EXT 2007"]
[Source "ChessBase"]
[SourceDate "2006.11.23"]
[SourceVersion "1"]
[SourceVersionDate "2006.11.23"]
[SourceQuality "1"]

1. e4 Nf6 2. e5 Nd5 3. c4 Nb6 4. d4 d6 5. Nf3 Bg4 6. Be2 dxe5 7. c5 N6d7 8. Nxe5 Bxe2 9. Qxe2 Nxe5 10. dxe5 e6 11. Qb5+ Nd7 12. Be3 c6 13. Qxb7 Nxe5 14. 0-0 Qc8 15. Qxc8+ Rxc8 16. b4 Be7 17. Nc3 f5 18. Rad1 Kf7 19. Rfe1 Rhd8 20. Bd4 Nc4 21. f3 Rb8 22. b5 Rxd4 23. bxc6 Bxc5 24. Kh1 Nd6 25. Rc1 Ba3 26. Rb1 Rc8 27. Rb7+ Kf6 28. Rxa7 Bb4 29. Ne2 Bxe1 30. Nxd4 Bf2 31. Rd7 Bxd4 32. Rxd6 Be5 33. Rd2 Rxc6 34. g3 g5 35. Kg2 h5 36. a4 Rb6 37. Kf2 Rb2 38. Ke2 Rxd2+ 39. Kxd2 Ke7 40. Kd3 Kd7 41. Kc4 Kc6 42. a5 Bxg3 43. hxg3 h4 0-1

[Event "RUS-chT2"]
[Site "Novokuznetsk"]
[Date "2003.??.??"]
[Round "7"]
[White "Zaitsev, Vadim"]
[Black "Schekoldin, Vladislav"]
[Result "1/2-1/2"]
[WhiteElo "2432"]
[BlackElo "2163"]
[PlyCount "73"]
[EventDate "2003.??.??"]
[EventType "team"]
[EventRounds "9"]
[EventCountry "RUS"]
[SourceTitle "EXT 2005"]
[Source "ChessBase"]
[SourceDate "2004.11.15"]
[SourceVersion "1"]
[SourceVersionDate "2004.11.15"]
[SourceQuality "1"]

1. e4 Nf6 2. Nc3 d5 3. e5 Ne4 4. Nce2 Nc5 5. d4 Ne6 6. f4 g6 7. Nf3 h5 8. c4 c6 9. Nc3 Bh6 10. g3 Ng7 11. cxd5 cxd5 12. Qb3 0-0 13. Qxd5 Nc6 14. Qxd8 Rxd8 15. Bg2 Nxd4 16. Nxd4 Rxd4 17. Be3 Rd8 18. 0-0 Nf5 19. Bc5 Be6 20. Rad1 g5 21. Bxb7 Rxd1 22. Rxd1 Rb8 23. Be4 Rxb2 24. Nd5 Bxd5 25. Rxd5 e6 26. Rd8+ Kg7 27. Bxf5 exf5 28. Bd4 Rb7 29. e6+ Kh7 30. Rh8+ Kg6 31. fxg5 Bxg5 32. Rg8+ Kh6 33. h4 Bd2 34. Rh8+ Kg6 35. Rg8+ Kh6 36. exf7 Rxf7 37. Rh8+ 1/2-1/2

[Event "Novosibirsk-ch"]
[Site "Novosibirsk"]
[Date "2000.??.??"]
[Round "?"]
[White "Yakunin, Alexey"]
[Black "Schekoldin, Vladislav"]
[Result "1/2-1/2"]
[WhiteElo "2204"]
[BlackElo "2175"]
[PlyCount "47"]
[EventDate "2000.12.??"]
[EventType "swiss"]
[EventRounds "9"]
[EventCountry "RUS"]
[SourceTitle "EXT 2002"]
[Source "ChessBase"]
[SourceDate "2001.11.25"]
[SourceVersion "1"]
[SourceVersionDate "2001.11.25"]
[SourceQuality "1"]

1. d4 d5 2. c4 c6 3. Nc3 e5 4. dxe5 d4 5. Ne4 Qa5+ 6. Bd2 Qxe5 7. Ng3 Nf6 8. Nf3 Qd6 9. Qc2 Be7 10. 0-0-0 0-0 11. e3 dxe3 12. Bc3 Qc7 13. fxe3 c5 14. Nf5 Bxf5 15. Qxf5 g6 16. Qh3 Ne4 17. Be5 Qc8 18. Qh6 f6 19. Bd3 Nc6 20. Bxe4 Nxe5 21. Nxe5 fxe5 22. Bxg6 hxg6 23. Qxg6+ Kh8 24. Qh6+ 1/2-1/2